00555 a2200193 4500260000800000100002000008700002600028440000600054260003400060245011100094300001400205650002400219650003100243260000900274300000900283130000700292440004400299020001800343 aUSA aRUDDLE, Kenneth1 aRONDINELLI, A. Dennis n1 bThe United Nations University aTransforming natural resources for human development : a resource systems framework for development policy aVIII-87p. aRESSOURCE NATURELLE aPOLITIQUE DE DEVELOPPEMENT c1983 bfig. lEn aResource Systems Theory and Methodology a92-808-0469-3